000 00549nam a2200145Ia 4500
008 100204s9999 xx 000 0 und d
082 _b5909
100 _aप्रभू बबन
245 _aपळा पळा कोण पुढे पळे तो
260 _b"मॅजेस्टीक बुक स्टॅाल , मुंबई"
_c1974
300 _a99
630 _aपळा पळा कोण पुढे पळे तो
730 _aपळा पळा कोण पुढे पळे तो
942 _cBOOK
999 _c450420
_d450417